000 00792nas a2200265 4500
001 BR2014007259
003 BR-BrBNA
005 20231205124726.0
007 ta
008 230509b bl.|||p| |||| 00| 00por d
040 _aBR-BrBNA
_bpor
_cBiblioteca Nacional de Agricultura
041 _a(Pt)
072 _aQ04
100 1 _aKimura, I.A.
100 1 _aCano, C.B.
100 1 _aMartins, M.S.
100 1 _aNagato, L.A.F.
245 1 _aDeterminação de sucralose em néctares de frutas light por CLAE-IR
650 _aFRUTA
650 _aNÉCTAR
650 _aCOMPOSIÇÃO QUÍMICA
773 0 _tRevista do Instituto Adolfo Lutz (Brazil)
_xISSN 0073-9855
_g(Sep-Dec 2007), v. 66(3) p. 249-255
_wBR2014007259
909 _a202311
_bLúcia
_c55
_dLúcia Elande
942 _2AGRIS
_n0
_cANA
999 _c240580
_d240580